Top 15 des pays avec les décès de Covid-19 - 14 décembre - Statistiques

Statistiques générales
  • Ce quiz a été pris 41 fois
  • Le résultat moyen est 11 sur 21
Statistiques - réponses
pays % Correct
Etats-Unis
97%
France
94%
Espagne
89%
Italie
83%
Mexique
81%
Russie
75%
Brésil
72%
Inde
72%
Royaume-Uni
69%
Argentine
67%
Belgique
44%
Colombie
44%
Pologne
39%
Iran
33%
Pérou
33%
Afrique du Sud
28%
Bosnie-Herzégovine
11%
Slovénie
11%
Macédoine du Nord
8%
Tchèquie
8%
Arménie
3%
Aucun quiz correspondant
Distribution des résultats
% des personnes avec chaque résultat
Percentile par nombre de réponses
Votre historique - résultats
Vous n’avez pas pris ce quiz